| 000 | 005600000a22001810004500 | ||
|---|---|---|---|
| 020 | _a958-24-0312-8 | ||
| 041 | 0 | _aSPA | |
| 082 | 0 | 4 | _aG 370 F9812r Proceso de encuadernación |
| 110 | 1 | _aFundación Santillana para Iberoamérica | |
| 245 | 1 | 0 | _aResponsabilidad de la familia en la educación / Fundación Santillana para Iberoamérica |
| 260 | _aSantafé de Bogotá : Santillana | ||
| 300 | _a142 Pág. | ||
| 001 | 14314 | ||
| 942 | _cBK | ||
| 999 |
_c43198 _d43198 |
||
| 336 |
_atexto _btxt _2rdacontent |
||
| 337 |
_2rdamedia _asin mediación _bn |
||
| 338 |
_2rdacarrier _avolumen _bnc |
||